00434nam a2200145Ia 4500003000400000008004100004020002200045040000800067041000700075082002400082100004400106245007400150260005600224300000800280LDD190117s9999 xx 000 0 und d a8171785735c₹25 cLDD ahi a8h3.7 शु1166आ aशुक्ल, श्री लाल 0aआदमी की जहरcश्री लाल शुक्ल aनई दिल्लीbराजकमलc1997 a138